[Event "PRO League Group Stage"]
[Site "chess.com INT"]
[Date "2018.01.31"]
[Round "3"]
[White "Abdusattorov, Nodirbek"]
[Black "Tokranovs, Dmitrijs"]
[Result "1-0"]
[WhiteTitle "IM"]
[BlackTitle "FM"]
[WhiteElo "2516"]
[BlackElo "2354"]
[WhiteTeam "Volga Stormbringers"]
[BlackTeam "Riga Magicians"]
[WhiteFideId "14204118"]
[BlackFideId "11603011"]
[EventDate "2018.01.18"]

1. e4 d5 2. exd5 Nf6 3. Nf3 Nxd5 4. d4 g6 5. g3 Bg7 6. Bg2 O-O 7. O-O Nc6 8. c3
h6 9. Na3 Bf5 10. Qe2 Qd7 11. Nc4 Bh3 12. Re1 Bxg2 13. Kxg2 e6 14. h4 a5 15. Bd2
a4 16. Rad1 Rfb8 17. Qe4 Nf6 18. Qc2 Qd5 19. b3 axb3 20. axb3 Na5 21. Re5 Nxc4
22. Rxd5 Na3 23. Qd3 exd5 24. Ra1 c6 25. c4 b5 26. c5 b4 27. Ne5 Ne4 28. Nxc6
Nxc5 29. dxc5 Bxa1 30. Nxb8 Rxb8 31. Qxd5 Bf6 32. Qd6 1-0

[Event "PRO League Group Stage"]
[Site "chess.com INT"]
[Date "2018.01.31"]
[Round "3"]
[White "Abdusattorov, Nodirbek"]
[Black "Kantans, Toms"]
[Result "1/2-1/2"]
[WhiteTitle "IM"]
[BlackTitle "GM"]
[WhiteElo "2516"]
[BlackElo "2478"]
[WhiteTeam "Volga Stormbringers"]
[BlackTeam "Riga Magicians"]
[WhiteFideId "14204118"]
[BlackFideId "11602945"]
[EventDate "2018.01.18"]

1. e4 c5 2. Nf3 d6 3. d4 cxd4 4. Nxd4 Nf6 5. Nc3 a6 6. h3 e5 7. Nde2 h5 8. Bg5
Be6 9. Bxf6 Qxf6 10. Nd5 Qd8 11. Nec3 Nc6 12. Ne3 g6 13. Ncd5 Bh6 14. c3 O-O 15.
Be2 Rc8 16. O-O Kg7 17. a4 Ne7 18. Qd3 Bxe3 19. Nxe3 d5 20. exd5 Nxd5 21. Qe4
Nf4 22. Qxe5+ Qf6 23. Qxf6+ Kxf6 24. Bf3 Rc7 25. Rfd1 Rb8 26. Rd4 g5 27. h4 b5
28. axb5 axb5 29. g3 Ng6 30. Ra6 Rc5 31. b4 Rxc3 32. Bxh5 Rc1+ 33. Kh2 gxh4 34.
gxh4 Ke5 35. Rad6 Nxh4 36. Kg3 Nf5+ 37. Nxf5 Kxf5 38. Bg4+ Ke5 39. f4+ Kf6 40.
f5 Ke5 41. fxe6 Rg1+ 42. Kf3 fxe6 43. Bxe6 Rf8+ 44. Ke2 Rg2+ 45. Ke3 Rg3+ 46.
Kd2 Rg2+ 47. Ke3 Rg3+ 48. Ke2 Rg2+ 49. Ke3 Rg3+ 1/2-1/2

[Event "PRO League Group Stage"]
[Site "chess.com INT"]
[Date "2018.01.31"]
[Round "3"]
[White "Fedoseev, Vladimir3"]
[Black "Rosenthal, Nicholas"]
[Result "1-0"]
[WhiteTitle "GM"]
[WhiteElo "2724"]
[BlackElo "2169"]
[WhiteTeam "Saint Louis Arch Bishops"]
[BlackTeam "Miami Champions"]
[WhiteFideId "24130737"]
[BlackFideId "2045150"]
[EventDate "2018.01.18"]

1. e4 e6 2. d4 d5 3. Nd2 Nf6 4. e5 Nfd7 5. Bd3 c5 6. c3 b6 7. Ngf3 Ba6 8. Bxa6
Nxa6 9. O-O cxd4 10. Nxd4 Be7 11. Qe2 Nc7 12. Nc6 Qc8 13. Nb3 Bd8 14. Qg4 O-O
15. Bh6 Ne8 16. Nbd4 Qb7 17. f4 Rc8 18. Nxd8 Rxd8 19. Bg5 Rc8 20. Rae1 Nc5 21.
f5 exf5 22. Nxf5 Ne6 23. Ne7+ Kh8 24. Qxe6 1-0

[Event "PRO League Group Stage"]
[Site "chess.com INT"]
[Date "2018.01.31"]
[Round "3"]
[White "Fedoseev, Vladimir3"]
[Black "Quesada Perez, Yuniesky"]
[Result "1-0"]
[WhiteTitle "GM"]
[BlackTitle "GM"]
[WhiteElo "2724"]
[BlackElo "2627"]
[WhiteTeam "Saint Louis Arch Bishops"]
[BlackTeam "Miami Champions"]
[WhiteFideId "24130737"]
[BlackFideId "3504409"]
[EventDate "2018.01.18"]

1. e4 c5 2. Nf3 e6 3. d4 cxd4 4. Nxd4 Nc6 5. Nc3 Qc7 6. Be3 a6 7. Qd2 Nf6 8. f3
Be7 9. O-O-O b5 10. g4 Nxd4 11. Bxd4 Bb7 12. g5 Nh5 13. Ne2 Rc8 14. c3 O-O 15.
Bh3 f5 16. gxf6 Nxf6 17. Bxf6 Rxf6 18. Qxd7 Rxf3 19. Qxe6+ Kh8 20. Rd7 Bg5+ 21.
Kb1 Qc4 22. Rxb7 Qd3+ 23. Ka1 Rcf8 24. Nc1 Qc2 25. Qe5 Bf6 26. Qc5 Bxc3 27. bxc3
Rf2 28. Qxf2 Qxf2 29. Rf1 Qc5 30. Rc7 1-0

[Event "PRO League Group Stage"]
[Site "chess.com INT"]
[Date "2018.01.31"]
[Round "3"]
[White "Alekseenko, Kirill"]
[Black "Smeets, Jan"]
[Result "1-0"]
[WhiteTitle "GM"]
[BlackTitle "GM"]
[WhiteElo "2594"]
[BlackElo "2608"]
[WhiteTeam "Stockholm Snowballs"]
[BlackTeam "Amsterdam Mosquitoes"]
[WhiteFideId "4135539"]
[BlackFideId "1007246"]
[EventDate "2018.01.18"]

1. e4 e5 2. Nf3 Nc6 3. Bb5 a6 4. Ba4 Nf6 5. d3 d6 6. O-O g6 7. c4 Bg7 8. Nc3 O-O
9. h3 Nd7 10. Bg5 f6 11. Be3 f5 12. exf5 gxf5 13. Bg5 Nf6 14. Re1 Ne7 15. c5 Kh8
16. cxd6 cxd6 17. Qd2 Be6 18. d4 e4 19. d5 Bg8 20. Nd4 Nfxd5 21. Nxd5 Bxd5 22.
Rad1 Bf6 23. Ne2 b5 24. Bxf6+ Rxf6 25. Qd4 Ng6 26. Qxd5 bxa4 27. Ng3 Ne5 28. f4
Nd3 29. Nh5 Rg6 30. Re3 Rb8 31. Qxf5 d5 32. Rexd3 exd3 33. Rxd3 Qb6+ 34. Kh2
Qxb2 35. Rd2 Qc3 36. Rc2 Qb4 37. Qe5+ Kg8 38. Rc7 Qf8 39. Qxd5+ Kh8 40. Rd7 Re8
41. f5 Rg5 42. Qd4+ 1-0

[Event "PRO League Group Stage"]
[Site "chess.com INT"]
[Date "2018.01.31"]
[Round "3"]
[White "Alekseenko, Kirill"]
[Black "Lopez, Jasel"]
[Result "1-0"]
[WhiteTitle "GM"]
[BlackTitle "FM"]
[WhiteElo "2594"]
[BlackElo "2316"]
[WhiteTeam "Stockholm Snowballs"]
[BlackTeam "Amsterdam Mosquitoes"]
[WhiteFideId "4135539"]
[BlackFideId "15900045"]
[EventDate "2018.01.18"]

1. e4 e6 2. d4 d5 3. Nd2 Nc6 4. Ngf3 Nf6 5. e5 Nd7 6. c3 f6 7. Bb5 fxe5 8. dxe5
a6 9. Bxc6 bxc6 10. O-O Be7 11. Qa4 O-O 12. Qg4 Rf7 13. Re1 c5 14. Nf1 Nf8 15.
Ng3 a5 16. Be3 Ba6 17. Rad1 Qb8 18. Rd2 Qb5 19. a3 Qc4 20. Qh3 a4 21. Nh5 Rb8
22. Qg3 Ng6 23. Bg5 Rf5 24. Bxe7 Rxh5 25. Bg5 Rf8 26. h3 h6 27. Be3 Kh7 28. Qg4
Rhf5 29. Qxc4 Bxc4 30. Bxc5 Rxf3 31. gxf3 Rxf3 32. Re3 Rxe3 33. fxe3 Nxe5 34.
Rg2 Nf3+ 35. Kf2 Ng5 36. Be7 Nf7 37. e4 Ne5 38. Ke3 Bf1 39. Rh2 Kg8 40. Bb4 g5
41. exd5 exd5 42. Be7 Kh7 43. Bf6 Nd7 44. Bd8 c6 45. Kd4 Kg6 46. b3 axb3 47. a4
Bc4 48. Be7 Kf5 49. a5 Kf4 50. Bd6+ Kf3 51. Rb2 h5 52. a6 Bxa6 53. Rxb3 c5+ 54.
Kxd5 g4 55. c4+ Ke2 56. h4 Kf2 57. Rb2+ Kf3 58. Rb3+ Kf2 59. Ra3 Bb7+ 60. Ke6
Nb6 61. Bxc5+ Ke2 62. Bxb6 Bf3 63. Bc7 1-0

[Event "PRO League Group Stage"]
[Site "chess.com INT"]
[Date "2018.01.31"]
[Round "3"]
[White "Blit, Jacques"]
[Black "Rosen, Eric"]
[Result "1-0"]
[WhiteTitle "IM"]
[BlackTitle "IM"]
[WhiteElo "2374"]
[BlackElo "2364"]
[WhiteTeam "Buenos Aires Krakens"]
[BlackTeam "Webster Windmills"]
[WhiteFideId "114839"]
[BlackFideId "2032562"]
[EventDate "2018.01.18"]

1. e4 c5 2. Nf3 e6 3. Nc3 Nc6 4. d4 cxd4 5. Nxd4 Qc7 6. g3 a6 7. Bg2 Nf6 8. O-O
h5 9. h3 Nxd4 10. Qxd4 Bc5 11. Qd3 d6 12. Bf4 e5 13. Bg5 Be6 14. Bxf6 gxf6 15.
Nd5 Bxd5 16. Qxd5 Qc6 17. Qd3 Qb5 18. Qxb5+ axb5 19. a3 Ra4 20. c3 Ke7 21. Rad1
Ke6 22. Rfe1 Rg8 23. Rd3 f5 24. exf5+ Kxf5 25. Bxb7 Ke6 26. Bd5+ Ke7 27. Rf3 Rf8
28. Rf5 h4 29. g4 Kd7 30. Bxf7 Ke7 31. Bd5 Rxf5 32. gxf5 Rf4 33. Re2 Rxf5 34.
Bc6 Kf6 35. Bxb5 e4 36. c4 Ke5 37. b4 Ba7 38. Bc6 Rf4 39. Kg2 Kd4 40. Bd5 Kd3
41. Ra2 Rf5 42. a4 Rg5+ 43. Kh1 e3 44. fxe3 Bxe3 45. a5 Rg3 46. Be6 Kc3 47. a6
Ba7 48. Ra3+ Kxb4 49. Rxg3 hxg3 50. h4 Ka5 51. Bc8 Bd4 52. Kg2 Be5 53. h5 Kb6
54. Bb7 Ka7 55. h6 Kb6 56. Kh3 Ka7 57. Kg2 Kb6 58. h7 Ka7 59. Kf3 Kb6 60. Ke3 g2
61. Bxg2 Kxa6 62. Ke4 Kb6 63. Kf5 Kc7 64. Ke6 Kd8 65. Kf7 Kd7 66. Bd5 Bh8 67.
Kg8 Ke7 68. Kxh8 Kf8 69. Be6 Ke7 70. Kg7 1-0

[Event "PRO League Group Stage"]
[Site "chess.com INT"]
[Date "2018.01.31"]
[Round "3"]
[White "Blit, Jacques"]
[Black "Shimanov, Aleksandr"]
[Result "0-1"]
[WhiteTitle "IM"]
[BlackTitle "GM"]
[WhiteElo "2374"]
[BlackElo "2641"]
[WhiteTeam "Buenos Aires Krakens"]
[BlackTeam "Webster Windmills"]
[WhiteFideId "114839"]
[BlackFideId "4198603"]
[EventDate "2018.01.18"]

1. e4 e5 2. Nf3 Nc6 3. Bc4 Bc5 4. c3 Nf6 5. d3 d6 6. O-O a6 7. a4 Ba7 8. Bb3 h6
9. Nbd2 g5 10. Nc4 g4 11. Nfd2 h5 12. Kh1 h4 13. Ne3 Bd7 14. Nf5 Bxf5 15. exf5
d5 16. f4 Nh5 17. d4 exd4 18. Re1+ Kf8 19. h3 gxh3 20. gxh3 Ng3+ 21. Kh2 Nxf5
22. Nf3 Qd6 23. cxd4 Ncxd4 24. Nxd4 Nxd4 25. Re5 Qb6 26. Be3 Qxb3 0-1

[Event "PRO League Group Stage"]
[Site "chess.com INT"]
[Date "2018.01.31"]
[Round "3"]
[White "Boros, Denes"]
[Black "Blit, Jacques"]
[Result "1-0"]
[WhiteTitle "GM"]
[BlackTitle "IM"]
[WhiteElo "2457"]
[BlackElo "2374"]
[WhiteTeam "Webster Windmills"]
[BlackTeam "Buenos Aires Krakens"]
[WhiteFideId "722340"]
[BlackFideId "114839"]
[EventDate "2018.01.18"]

1. e4 c5 2. Nf3 Nc6 3. a3 g6 4. Bc4 Bg7 5. Nc3 e6 6. O-O Nge7 7. d3 O-O 8. Bf4
d5 9. Ba2 a6 10. Qc1 Nd4 11. Nxd4 cxd4 12. Ne2 e5 13. Bg5 dxe4 14. dxe4 Be6 15.
Bxe6 fxe6 16. Qd2 Qc7 17. Qb4 Nc6 18. Qc4 Qc8 19. c3 b5 20. Qd3 Na5 21. cxd4
exd4 22. Nxd4 Bxd4 23. Qxd4 Nb3 24. Qe5 Nxa1 25. Rxa1 Qd7 26. Bh6 Rf7 27. h4 Rd8
28. Rc1 Qa7 29. Be3 Qd7 30. Bb6 Qd6 31. Qxd6 Rxd6 32. Rc8+ Kg7 33. Bc5 Rd1+ 34.
Kh2 Rdd7 35. Rc6 Kf6 36. Bb4 Ra7 37. Bc3+ Ke7 38. Bd4 Ra8 39. Kg3 Kd7 40. Rb6
Re7 41. Be5 Kc8 42. Kg4 Kd7 43. b3 Ke8 44. Bf6 Rd7 45. Rxe6+ Kf7 46. Rc6 Rd3 47.
Kg5 Rxb3 48. Rc7+ Ke6 49. Re7+ Kd6 50. Rxh7 a5 51. Kxg6 Rg8+ 52. Rg7 Rxg7+ 53.
Bxg7 1-0

[Event "PRO League Group Stage"]
[Site "chess.com INT"]
[Date "2018.01.31"]
[Round "3"]
[White "Boros, Denes"]
[Black "Della Morte, German"]
[Result "1-0"]
[WhiteTitle "GM"]
[BlackTitle "IM"]
[WhiteElo "2457"]
[BlackElo "2353"]
[WhiteTeam "Webster Windmills"]
[BlackTeam "Buenos Aires Krakens"]
[WhiteFideId "722340"]
[BlackFideId "113522"]
[EventDate "2018.01.18"]

1. e4 e5 2. Nf3 Nc6 3. g3 Nf6 4. Nc3 Bc5 5. Bg2 d6 6. d3 a6 7. h3 O-O 8. O-O Be6
9. Ng5 Bd7 10. Kh2 h6 11. Nf3 Be6 12. Nh4 d5 13. exd5 Nxd5 14. Nxd5 Bxd5 15. Nf5
Ne7 16. Qg4 Nxf5 17. Qxf5 Bxg2 18. Kxg2 Re8 19. Re1 Re6 20. Qe4 c6 21. Bd2 Qb6
22. b4 Be7 23. Bc3 Bf6 24. a4 Rd8 25. Reb1 Qc7 26. Ra3 Be7 27. Rab3 g6 28. Re1
Rd5 29. h4 h5 30. Re2 Bf8 31. Qf3 Bg7 32. Bb2 Rd7 33. b5 axb5 34. axb5 c5 35. b6
Qc8 36. Re4 Rdd6 37. Rb5 Rxb6 38. Rxb6 Rxb6 39. Bxe5 Bxe5 40. Rxe5 Rb2 41. Re7
Qc6 42. Qxc6 bxc6 43. c4 Kf8 44. Re5 Rd2 45. Rxc5 Rxd3 46. Rxc6 Ke7 47. Kf1 Rc3
48. Rc7+ Ke6 49. Ke2 Kf6 50. Rc5 Ke6 51. Rc7 Kf6 52. f3 Ke6 53. Kf2 Kf6 54. Rc6+
Ke7 55. c5 Ke8 56. Rc7 Kf8 57. Ke2 Ke8 58. c6 Kf8 59. Kd2 Rxf3 60. Rb7 Rf2+ 61.
Kd3 Rf3+ 62. Kd4 Kg7 63. c7 1-0

[Event "PRO League Group Stage"]
[Site "chess.com INT"]
[Date "2018.01.31"]
[Round "3"]
[White "Foisor, Sabina-Francesca"]
[Black "Naroditsky, Daniel"]
[Result "0-1"]
[WhiteTitle "WGM"]
[BlackTitle "GM"]
[WhiteElo "2326"]
[BlackElo "2619"]
[WhiteTeam "Dallas Destiny"]
[BlackTeam "San Jose Hackers"]
[WhiteFideId "1212915"]
[BlackFideId "2026961"]
[EventDate "2018.01.18"]

1. d4 Nf6 2. Bf4 d6 3. Nf3 g6 4. Nbd2 Bf5 5. h3 Bg7 6. g4 Bc8 7. Bg2 Nc6 8. c3
O-O 9. Bg3 Re8 10. e4 e5 11. d5 Nb8 12. O-O Na6 13. Qe2 c6 14. c4 Qb6 15. Rab1
Bd7 16. b4 cxd5 17. exd5 e4 18. Ng5 e3 19. Nde4 Nxe4 20. Nxe4 f5 21. gxf5 gxf5
22. c5 Qb5 23. Qxb5 Bxb5 24. Nxd6 Bxf1 25. Nxe8 Bxg2 26. Nd6 Bxd5 27. fxe3 Bxa2
28. Rc1 Nxb4 29. Nxb7 Bd5 30. Nd6 a5 31. Nxf5 a4 32. Nxg7 Kxg7 33. Be5+ Kf7 34.
Bd4 a3 35. Rf1+ Ke7 36. Rf5 a2 37. Rh5 a1=Q+ 38. Bxa1 Rxa1+ 39. Kh2 Ra2+ 40. Kg3
Rg2+ 41. Kh4 Rg7 42. e4 Be6 43. Rg5 Rxg5 44. Kxg5 Kf7 45. Kh6 Kg8 46. h4 Bd7 47.
e5 Nd3 48. c6 Bxc6 49. e6 Nf4 50. e7 Ng6 51. Kg5 Nxe7 52. Kf6 Kf8 53. h5 h6 0-1

[Event "PRO League Group Stage"]
[Site "chess.com INT"]
[Date "2018.01.31"]
[Round "3"]
[White "Foisor, Sabina-Francesca"]
[Black "Ke, Ivan"]
[Result "0-1"]
[WhiteTitle "WGM"]
[WhiteElo "2326"]
[BlackElo "2207"]
[WhiteTeam "Dallas Destiny"]
[BlackTeam "San Jose Hackers"]
[WhiteFideId "1212915"]
[BlackFideId "30914477"]
[EventDate "2018.01.18"]

1. d4 d5 2. c4 e6 3. Nc3 Be7 4. Nf3 Nf6 5. Bf4 c6 6. e3 O-O 7. Qc2 Nbd7 8. h3
Re8 9. Bd3 b6 10. O-O Bb7 11. Rfd1 a6 12. a3 Nf8 13. b4 b5 14. c5 a5 15. Qb2 a4
16. Nxb5 cxb5 17. Bxb5 Ba6 18. Bxa4 Bc4 19. Bxe8 Qxe8 20. Ne5 Bb5 21. Rdc1 Ng6
22. c6 Nxe5 23. dxe5 Nh5 24. Bh2 g6 25. c7 Qc8 26. a4 Bc4 27. g4 Ng7 28. b5 Qxc7
29. b6 Qb7 30. a5 Ra6 31. Qd4 Bb4 32. Rab1 Bxa5 33. Rxc4 dxc4 34. Qd8+ Ne8 35.
Qxe8+ Kg7 36. Bf4 Ra8 37. Qa4 c3 38. Bg5 h6 39. Bf6+ Kh7 40. h4 Bxb6 41. Rxb6
Qf3 42. Ra6 c2 43. Qc6 c1=Q+ 44. Qxc1 Rxa6 45. h5 Qxg4+ 46. Kf1 Qh3+ 47. Ke2
Qxh5+ 48. Kd2 Qf3 49. Qf1 Ra2+ 50. Kc3 Qxf2 51. Qxf2 Rxf2 0-1

[Event "PRO League Group Stage"]
[Site "chess.com INT"]
[Date "2018.01.31"]
[Round "3"]
[White "Pakleza, Zbigniew"]
[Black "Clarke, Brandon G I"]
[Result "1-0"]
[WhiteTitle "GM"]
[BlackTitle "FM"]
[WhiteElo "2496"]
[BlackElo "2360"]
[WhiteTeam "Las Vegas Desert Rats"]
[BlackTeam "Australia Kangaroos"]
[WhiteFideId "1119290"]
[BlackFideId "400319"]
[EventDate "2018.01.18"]

1. d4 Nf6 2. Bf4 g6 3. Nf3 Bg7 4. e3 d6 5. h3 O-O 6. Be2 b6 7. O-O Nbd7 8. Bh2
Bb7 9. Nbd2 c5 10. c3 Qc7 11. a4 a6 12. Qb3 Bc6 13. Rfe1 b5 14. axb5 axb5 15.
Bxb5 Rxa1 16. Rxa1 Rb8 17. c4 Bxb5 18. cxb5 Qb6 19. Ng5 e6 20. Nc4 Qxb5 21. Qxb5
Rxb5 22. Ra8+ Bf8 23. Nxd6 Rxb2 24. g4 cxd4 25. exd4 Kg7 26. Ngxf7 h6 27. Ra7
Kg8 28. Nd8 Rb6 29. Nc4 Rb4 30. Ne5 Rxd4 31. Nxe6 Rd1+ 32. Kg2 Nxe5 33. Bxe5 Nd7
34. Bd4 Nb8 35. Ra8 Bd6 36. Bc5 Kf7 37. Nd8+ Ke7 38. Bxd6+ Rxd6 39. Nb7 Rb6 40.
Rxb8 h5 41. Na5 1-0

[Event "PRO League Group Stage"]
[Site "chess.com INT"]
[Date "2018.01.31"]
[Round "3"]
[White "Clarke, Brandon G I"]
[Black "Friedel, Joshua"]
[Result "0-1"]
[WhiteTitle "FM"]
[BlackTitle "GM"]
[WhiteElo "2360"]
[BlackElo "2562"]
[WhiteTeam "Australia Kangaroos"]
[BlackTeam "Las Vegas Desert Rats"]
[WhiteFideId "400319"]
[BlackFideId "2017199"]
[EventDate "2018.01.18"]

1. e4 e5 2. Nf3 Nc6 3. Bb5 a6 4. Ba4 Nf6 5. O-O Be7 6. Re1 b5 7. Bb3 d6 8. c3
O-O 9. h3 Nb8 10. d4 Nbd7 11. Nbd2 Bb7 12. Bc2 Re8 13. a4 Bf8 14. Bd3 c6 15. b3
g6 16. Bb2 Nh5 17. Qc2 Nf4 18. Bf1 Qc7 19. g3 Ne6 20. h4 Bg7 21. Bh3 Rad8 22.
axb5 cxb5 23. d5 Nd4 24. Qd1 Nxf3+ 25. Qxf3 Rf8 26. Ba3 Bh6 27. Nf1 Nc5 28. Qd1
Bg7 29. Bb4 Rde8 30. Qc2 f5 31. exf5 Bxd5 32. c4 bxc4 33. bxc4 Ba8 34. Ne3 Ne4
35. Qd3 Qb7 36. Qd5+ Qxd5 37. cxd5 Rb8 38. Ba3 Rbd8 39. Ra2 Nc3 40. Rd2 Bh6 41.
fxg6 hxg6 42. Be6+ Kg7 43. Bb2 Na4 44. Ba1 Nc5 45. f4 Kh7 46. fxe5 dxe5 47. Rf2
Rxf2 48. Kxf2 Nd3+ 49. Ke2 Nxe1 50. Ng4 Nc2 51. Bxe5 Bg7 52. Bc7 Nd4+ 53. Ke3
Nxe6 54. dxe6 Re8 0-1

[Event "PRO League Group Stage"]
[Site "chess.com INT"]
[Date "2018.01.31"]
[Round "3"]
[White "Hevia Alejano, Carlos Antonio"]
[Black "Ni, Hua"]
[Result "1-0"]
[WhiteTitle "GM"]
[BlackTitle "GM"]
[WhiteElo "2488"]
[BlackElo "2670"]
[WhiteTeam "Rio Grande Ospreys"]
[BlackTeam "Chengdu Pandas"]
[WhiteFideId "3508811"]
[BlackFideId "8601160"]
[EventDate "2018.01.18"]

1. e4 c6 2. d4 d5 3. e5 Bf5 4. Nf3 e6 5. Be2 Ne7 6. O-O Ng6 7. Re1 c5 8. c4 Nc6
9. cxd5 exd5 10. Nc3 c4 11. Bg5 Qd7 12. b3 Bb4 13. Rc1 Bxc3 14. Rxc3 b5 15. bxc4
bxc4 16. h4 h6 17. Bc1 O-O 18. h5 Nge7 19. Nh4 Bh7 20. Rg3 Kh8 21. Bg4 Qb7 22.
Ba3 Rab8 23. Bd6 Qb2 24. Bd7 c3 25. Qg4 Rg8 26. Bxb8 Nxb8 27. e6 f6 28. Qf4 c2
29. Ng6+ Bxg6 30. hxg6 Nbc6 31. Bxc6 Nxc6 32. Rh3 1-0

[Event "PRO League Group Stage"]
[Site "chess.com INT"]
[Date "2018.01.31"]
[Round "3"]
[White "Yu, Yangyi"]
[Black "Hevia Alejano, Carlos Antonio"]
[Result "1-0"]
[WhiteTitle "GM"]
[BlackTitle "GM"]
[WhiteElo "2760"]
[BlackElo "2488"]
[WhiteTeam "Chengdu Pandas"]
[BlackTeam "Rio Grande Ospreys"]
[WhiteFideId "8603820"]
[BlackFideId "3508811"]
[EventDate "2018.01.18"]

1. Nf3 e6 2. g3 Nf6 3. Bg2 d5 4. O-O Be7 5. c4 dxc4 6. Qa4+ Nbd7 7. Qxc4 a6 8.
Qc2 O-O 9. d4 Ra7 10. Rd1 b6 11. Ne5 Nb8 12. Nc3 Bb7 13. e4 Nbd7 14. Bf4 Nxe5
15. Bxe5 Nd7 16. Bf4 Bd6 17. Be3 Qa8 18. a3 Rc8 19. Rac1 Bf8 20. Qe2 Nf6 21. Bg5
Nd7 22. h4 h6 23. Bf4 c5 24. d5 e5 25. Bxh6 gxh6 26. Qg4+ Bg7 27. Qxd7 b5 28.
Qg4 Rd8 29. Qh5 Bc8 30. Rd2 Rd6 31. Nd1 c4 32. Ne3 Rc7 33. Bf3 Rg6 34. Bg4 Bxg4
35. Nxg4 Qa7 36. Kg2 Re7 37. Ne3 Rd7 38. Nf5 Bf8 39. Rc3 Qc5 40. Rf3 a5 41. Ne3
Bg7 42. Rxf7 Rxg3+ 43. fxg3 Rxf7 44. Nf5 c3 45. bxc3 Qxc3 46. Rf2 Rf6 47. Qg4
Qc7 48. d6 1-0

[Event "PRO League Group Stage"]
[Site "chess.com INT"]
[Date "2018.01.31"]
[Round "3"]
[White "Gorovets, Andrey"]
[Black "Chirila, Ioan-Cristian"]
[Result "1-0"]
[WhiteTitle "GM"]
[BlackTitle "GM"]
[WhiteElo "2517"]
[BlackElo "2557"]
[WhiteTeam "Dallas Destiny"]
[BlackTeam "San Jose Hackers"]
[WhiteFideId "13504037"]
[BlackFideId "1211668"]
[EventDate "2018.01.18"]

1. Nf3 Nf6 2. g3 g6 3. b3 Bg7 4. Bb2 O-O 5. Bg2 d5 6. c4 dxc4 7. bxc4 c5 8. O-O
Nc6 9. d3 Re8 10. Ne5 Nd4 11. e3 Nf5 12. Qc2 Qc7 13. Nd2 Nd6 14. Rab1 Bf5 15. h3
Rad8 16. e4 Bc8 17. f4 Nd7 18. Ndf3 b6 19. Ng4 Nf6 20. e5 Bxg4 21. exd6 exd6 22.
hxg4 Nxg4 23. Bxg7 Kxg7 24. Rfe1 Ne3 25. Qb2+ f6 26. Ng5 Qd7 27. Bh3 Nf5 28. Ne4
Re6 29. Bxf5 gxf5 30. Nc3 Rde8 31. Kf2 Qf7 32. Rxe6 Rxe6 33. Rh1 Qe8 34. Qd2 Qc6
35. Re1 Rxe1 36. Qxe1 Qd7 37. Nd5 Kf7 38. Qe2 b5 39. Qh5+ Kg7 40. Ne3 bxc4 41.
dxc4 Qa4 42. Nxf5+ Kg8 43. Qe2 Qd7 44. Qe4 1-0

[Event "PRO League Group Stage"]
[Site "chess.com INT"]
[Date "2018.01.31"]
[Round "3"]
[White "Gorovets, Andrey"]
[Black "Izoria, Zviad"]
[Result "1/2-1/2"]
[WhiteTitle "GM"]
[BlackTitle "GM"]
[WhiteElo "2517"]
[BlackElo "2599"]
[WhiteTeam "Dallas Destiny"]
[BlackTeam "San Jose Hackers"]
[WhiteFideId "13504037"]
[BlackFideId "13601733"]
[EventDate "2018.01.18"]

1. d4 Nf6 2. c4 g6 3. Nc3 Bg7 4. e4 d6 5. Be2 O-O 6. Bg5 c6 7. f4 d5 8. Bxf6
exf6 9. exd5 cxd5 10. Nxd5 b5 11. Bf3 bxc4 12. Nc3 Bb7 13. Bxb7 Qe7+ 14. Qe2
Qxb7 15. Nf3 Nd7 16. O-O Rfe8 17. Qxc4 Qxb2 18. Qb3 Rab8 19. Qxb2 Rxb2 20. Rab1
Reb8 21. Rxb2 Rxb2 22. Rb1 Rc2 23. Rb7 Rxc3 24. Rxd7 Ra3 25. Rd8+ Bf8 26. Nd2
Kg7 27. f5 Rxa2 28. Ne4 a5 29. Nxf6 Kxf6 30. Rxf8 a4 31. fxg6 hxg6 32. Ra8 Kf5
33. Ra5+ Ke4 34. d5 Ke5 35. h4 Kd6 36. g4 Kc7 37. h5 gxh5 38. gxh5 Ra3 1/2-1/2

[Event "PRO League Group Stage"]
[Site "chess.com INT"]
[Date "2018.01.31"]
[Round "3"]
[White "Bauer, Christian"]
[Black "Maze, Sebastien"]
[Result "1-0"]
[WhiteTitle "GM"]
[BlackTitle "GM"]
[WhiteElo "2625"]
[BlackElo "2620"]
[WhiteTeam "London Lions"]
[BlackTeam "Marseille Migraines"]
[WhiteFideId "603767"]
[BlackFideId "613762"]
[EventDate "2018.01.18"]

1. d4 Nf6 2. Bf4 g6 3. Nc3 d5 4. e3 Bg7 5. h4 h5 6. Nf3 Bg4 7. Qd2 Bxf3 8. gxf3
c6 9. O-O-O Nbd7 10. Kb1 e6 11. e4 Qa5 12. Nxd5 Qxd2 13. Nxf6+ Nxf6 14. Rxd2 O-O
15. Be2 Rfd8 16. Rhd1 Rd7 17. Bg5 Nh7 18. Be3 Bf6 19. Rh1 Rad8 20. c3 c5 21. f4
cxd4 22. cxd4 Nf8 23. e5 Be7 24. Bf3 Rc7 25. d5 exd5 26. Bxa7 Rc4 27. Rxd5 Rdc8
28. Be3 Ne6 29. Rd7 Kf8 30. Bxb7 Rb8 31. Bd5 Rcb4 32. Bb3 Nxf4 33. Rc1 Ne6 34.
Rc4 R4b5 35. f4 Ng7 36. Rcc7 Nf5 37. Bc1 Rxb3 38. axb3 Rxb3 39. Bd2 Ke8 40. Bc3
Rb6 41. Ra7 Rb8 42. Kc2 Bc5 43. Rac7 Be7 44. Kd3 Rd8 45. Rxd8+ Bxd8 46. Rb7 Bxh4
47. Ke4 Be7 48. Kf3 h4 49. Kg4 Ne3+ 50. Kh3 Nd5 51. Bd2 Kd8 52. Rb5 Nc7 53. Ba5
Kc8 54. Bxc7 Kxc7 55. Rd5 Kc6 56. Rd2 Kc7 57. Kg4 Kc6 58. Rd3 Kc7 59. Rh3 f5+
60. exf6 Bxf6 61. b3 1-0

[Event "PRO League Group Stage"]
[Site "chess.com INT"]
[Date "2018.01.31"]
[Round "3"]
[White "Chirila, Ioan-Cristian"]
[Black "Foisor, Sabina-Francesca"]
[Result "1-0"]
[WhiteTitle "GM"]
[BlackTitle "WGM"]
[WhiteElo "2557"]
[BlackElo "2326"]
[WhiteTeam "San Jose Hackers"]
[BlackTeam "Dallas Destiny"]
[WhiteFideId "1211668"]
[BlackFideId "1212915"]
[EventDate "2018.01.18"]

1. b3 d5 2. Bb2 c5 3. g3 e6 4. Bg2 Nc6 5. Nf3 Nf6 6. O-O Be7 7. d4 O-O 8. dxc5
Bxc5 9. c4 d4 10. Nbd2 e5 11. Ne1 Bf5 12. Nd3 Bd6 13. c5 Bc7 14. Nc4 e4 15. Ne1
Re8 16. Nc2 d3 17. N2e3 Bg6 18. Qd2 Rb8 19. exd3 exd3 20. Qc3 Ne5 21. Rad1 Ne4
22. Bxe4 Bxe4 23. f4 f6 24. fxe5 fxe5 25. Nd6 Bxd6 26. Qc4+ Kh8 27. Qxe4 Bxc5
28. Rxd3 Qb6 29. Kg2 Bd4 30. Nc4 Qa6 31. Bxd4 exd4 32. Qxd4 Qxa2+ 33. Rf2 Qa6
34. Nd6 Qc6+ 35. Qd5 Qxd5+ 36. Rxd5 Re3 37. Nxb7 Rxb3 38. Rd7 h6 39. Rff7 Rg8
40. Nc5 Rb2+ 41. Kh3 a5 42. Ne6 Re8 43. Nxg7 Ree2 44. Rf8+ Kh7 45. Nf5+ Kg6 46.
Rg7+ 1-0